Statistics for Most Important People of the 20th Century

Click here to take the quiz!

General Stats

  • This quiz has been taken 190 times
  • The average score is 22 of 31

Answer Stats

HintAnswer% Correct
World War IIAdolf Hitler
99%
Russian RevolutionVladimir Lenin
96%
Indian IndependenceMohandas Gandhi
95%
World War IIWinston Churchill
95%
World War IIJoseph Stalin
93%
World War IIFranklin D Roosevelt
91%
General RelativityAlbert Einstein
90%
Cuban RevolutionFidel Castro
90%
Civil RightsMartin Luther King Jr
89%
BoxingMuhammad Ali
87%
End of ApartheidNelson Mandela
87%
Cuban Missile CrisisJohn F Kennedy
84%
Great Leap ForwardMao Zedong
82%
AnimationWalt Disney
79%
World War IIBenito Mussolini
77%
Blonde BombshellMarilyn Monroe
77%
Fall of CommunismMikhail Gorbachev
77%
Silent FilmCharlie Chaplin
73%
AviationWright Brothers
72%
CubismPablo Picasso
68%
PsychologySigmund Freud
67%
Assembly LineHenry Ford
66%
Dystopian AuthorGeorge Orwell
59%
World War IIHirohito
57%
Korean WarKim il Sung
51%
World War IFranz Ferdinand
42%
World War IICharles De Gaulle
38%
Polio VaccineJonas Salk
37%
Women's SuffrageSusan B Anthony
30%
Francois Georges-Picot
1%
World War I (aftermath)Mark Sykes
1%

Score Distribution

Percentile by Number Answered

Percent of People with Each Score

Your Score History

You have not taken this quiz